ბათუმის შოთა რუსთაველის სახელმწიფო უნივერსიტეტის ბიბლიოთეკა

ორი პოემა (ბიბ.ჩანაწერი № 49001)

000 -LEADER
fixed length control field 00831nam a2200229Ia 4500
001 - CONTROL NUMBER
control field 15906
003 - CONTROL NUMBER IDENTIFIER
control field GE_BSU
008 - FIXED-LENGTH DATA ELEMENTS--GENERAL INFORMATION
fixed length control field 181216s||||||||xx |||||||||||||| ||und||
040 ## - CATALOGING SOURCE
Transcribing agency GE_BSU
080 ## - UNIVERSAL DECIMAL CLASSIFICATION NUMBER
Universal Decimal Classification number 821.353.1-11
100 ## - MAIN ENTRY--PERSONAL NAME
Personal name ხალვაში, ფრიდონ
245 ## - TITLE STATEMENT
Title ორი პოემა
245 ## - TITLE STATEMENT
Remainder of title სინათლე, მშვიდობის ჯარისკაცი
245 ## - TITLE STATEMENT
Statement of responsibility, etc. რედ.ირაკლი აბაშიძე. მხ.მ.ჩარგეიშვილი
260 ## - PUBLICATION, DISTRIBUTION, ETC.
Place of publication, distribution, etc. ბათუმი
260 ## - PUBLICATION, DISTRIBUTION, ETC.
Name of publisher, distributor, etc. აჭარის ასსრ სახელგამი
260 ## - PUBLICATION, DISTRIBUTION, ETC.
Date of publication, distribution, etc. 1952
300 ## - PHYSICAL DESCRIPTION
Extent 109გვ. ; 19სმ
653 ## - INDEX TERM--UNCONTROLLED
Uncontrolled term ორი პოემა
653 ## - INDEX TERM--UNCONTROLLED
Uncontrolled term სინათლე, მშვიდობის ჯარისკაცი
942 ## - ADDED ENTRY ELEMENTS (KOHA)
Koha item type წიგნი
ეგზემპლარები
Withdrawn status Lost status Damaged status Not for loan Date acquired Barcode Date last seen Price effective from Koha item type
        2018-12-17 39347 2018-12-17 2018-12-17 წიგნი
        2018-12-17 39348 2018-12-17 2018-12-17 წიგნი